Movies by Licensed Songs - Statistics

General Stats
  • This quiz has been taken 22 times
  • The average score is 9 of 24
Answer Stats
Song Artist Movie % Correct
Danger Zone Kenny Loggins Top Gun
85%
Lose Yourself Eminem 8 Mile
80%
Eye of the Tiger Survivor Rocky III
80%
Burning Heart Survivor Rocky IV
80%
Johnny B. Goode Chuck Berry Back to the Future
75%
The Power of Love Huey Lewis and the News Back to the Future
75%
Kiss From a Rose Seal Batman Forever
50%
Hip to Be Square Huey Lewis and the News American Psycho
40%
Come and Get Your Love Redbone Guardians of the Galaxy
40%
Mr. Blue Sky Electric Light Orchestra Guardians of the Galaxy Vol. 2
40%
Immigrant Song Led Zeppelin Thor: Ragnarok
35%
Can't Stop the Feeling Justin Timberlake Trolls
35%
You Know My Name Chris Cornell Casino Royale
30%
I Got You Babe Sonny & Cher Groundhog Day
30%
Writing's On the Wall Sam Smith Spectre
30%
Happy Pharell Williams Despicable Me 2
25%
Run, Rudolph, Run Chuck Berry Home Alone
25%
Shout The Isley Brothers Animal House
20%
It's Been a Long, Long Time Harry James & His Orchestra Avengers: Endgame
15%
Young and Beautiful Lana del Rey The Great Gatsby
15%
The Rubberband Man Spinners Avengers: Infinity War
10%
Immortals Fall Out Boy Big Hero 6
10%
True to Your Heart 98° and Stevie Wonder Mulan
10%
Put On Your Sunday Clothes Jerry Herman (Hello, Dolly!) WALL-E
10%
No matching quizzes found
Score Distribution
Percent of People with Each Score
Percentile by Number Answered
Your Score History
You have not taken this quiz